00474nam a22001577a 450000500170000000800410001702000270005804000090008504100110009408200150010510000190012024501190013926000300025830000080028865000200029620260530163517.0260530b |||||||| |||| 00| 0 eng d a9783110778182c4270.65 aMAIN aGerman a830.9bELS aElsaghe, Yahya aThomas Mann auf Leinwand und Bildschirmb: Zur Deutschen Aneignung Seines Erzahlwerks in der Langen Nachkriegszeit aBerlin bDe Gruyterc2021 a230 aGerman Language